000 00274nam a2200133Ia 4500
100 _aIBM
942 _cBK
654 _aTechnic Manul
245 _aTechnic Manul 16 Bit
260 _bIBM Corpor.
_aFlordia
_c1983
082 _a621.3
_bIbm
546 _aENGLISH
999 _c30865
_d30865